000 00665nam a2200265 a 4500
001 000107765
003 CHAP
005 20220329143942.0
008 131030s2012 ck d |r| |||0|||spa d
010 _a104227
011 _a105199
020 _a9789586487542
040 _cCHAP
082 0 4 _a658.83
_bM57
100 1 _aMesa HolguĂ­n, Mario
_9124503
245 1 0 _aFundamentos de marketing /
_cPor Mario Mesa Holguin.
260 _aBogota :
_bEcoe,
_c2012.
300 _axvi,. 269 p.
500 _aIncluye bibliografia
590 _aE5652GLJ
_b05
_c20131030
_lUCH01
_h1356
650 1 4 _aMercadeo.
_974880
901 _aBK
942 _cLIBRO
942 _n0
999 _c104227
_d104227